Scheduled castes: Still a deprived class (Record no. 395092)

MARC details
000 -LEADER
fixed length control field 00554 a2200205 4500
005 - DATE & TIME
control field 20260209164927.0
008 - FIXED-LENGTH DATA ELEMENTS--GENERAL INFORMATION
fixed length control field 260209b |||||||| |||| 00| 0 eng d
020 ## - ISBN
International Standard Book Number 9789395975858
Price Rs. 2350.00
040 ## - CATALOGING SOURCE
Original cataloging agency VIVEKANANDA LIBRARY
082 ## - DDC NUMBER
Classification number 305.800954
Book Number S11S
100 ## - MAIN ENTRY--PERSONAL NAME
Personal name Sa, Hemal, ed.
245 ## - TITLE STATEMENT
Title Scheduled castes: Still a deprived class
260 ## - PUBLICATION, DISTRIBUTION, ETC. (IMPRINT)
Name of publisher, distributor, etc Sarup Book Publishers
Date of publication, distribution, etc 2026
Place of publication, distribution, etc New Delhi
300 ## - PHYSICAL DESCRIPTION
Pages v, 247
650 ## - Subject
Subject Social Science
650 ## - Subject
Subject Social Groups
650 ## - Subject
Subject Scheduled Castes-India
650 ## - Subject
Subject Cultural Groups
942 ## - ADDED ENTRY ELEMENTS (KOHA)
Koha item type Books
Holdings
Withdrawn status Lost status Source of classification or shelving scheme Damaged status Not for loan Location (home branch) Sublocation or collection (holding branch) Shelving location Date acquired Koha issues (times borrowed) Koha full call number Accession No. Koha date last seen Koha item type
    Dewey Decimal Classification     VIVEKANANDA LIBRARY VIVEKANANDA LIBRARY Vivekananda Library 27/01/2026   305.800954 S11S 444258 27/01/2026 Books
© Designed and Maintained by Vivekananda Library, MDU Rohtak